Quizzes
Events
Quiz Creation
Community
Videos
Private Events
Remove Ads
Sign In
Join for FREE
Feedback
Dark Mode
Quiz Categories
Sports
Geography
Music
Movies
Television
Just For Fun
Miscellaneous
History
Literature
Language
Science
Gaming
Entertainment
Religion
Holiday
For Kids
Quiz Lab
Recent
Popular Today
Quiz Kudos Today
Editor Picks
Curator Picks
Quizzes by...
Day
Popularity
Type
Ratings
Length
Year
Community
Subscriptions
Recent Discussions
Orange Saloon
Badges
Playlists
Quests
Create
Leaderboards
Showdown
Live 5
Trivia Bingo
Activity
Puzzle Library
Sporcle Events
Private Events
Virtual Trivia
Globe League
Become a Host
Pub Owners
SporcleCon
Opinionation
Our Games
Videos
Blog
Mobile Apps
Partnerships
Remove Ads and Go Orange
Feedback
Sports
Athletes
MLB
NBA
NHL
NFL
Soccer
Sports Teams
WWE
NCAA
Football
Premier League
Basketball
Baseball
Hockey
Golf
Tennis
Cricket
Rugby
Auto Racing
Olympics
World Cup
Sports
Athletes
MLB
NBA
NHL
NFL
Soccer
Sports Teams
WWE
NCAA
Football
Premier League
Basketball
Baseball
Hockey
Golf
Tennis
Cricket
Rugby
Auto Racing
Olympics
World Cup
Random Quiz
Search Sporcle
×
Quiz Lab
Quiz Lab
Sports
NBA
Type in answers that appear in a list
Type in answers that appear in a list
Classic
Best Score? Go Orange.
Most Valuable NBA Teams Stats
Can you name the Most Valuable NBA Teams by Forbes Valuation 6/16/2010?
By
hossman
10m
30 Questions
247 Plays
247 Plays
247 Plays
Comments
Comments
Give Quiz Kudos
Give Quiz Kudos
-
- Ratings
hide this ad
More Info
Forced Order
Answers have to be entered in order
Answers have to be entered in order
Replay
Link that replays current quiz
Next Quiz
Link to next quiz in quiz playlist
You Got
0%
They Got
Avg Score
37%
Avg Friend Score
Upgrade to see
Score Distribution
Jump to the score distribution portion of the page
Score
0/30
Timer
10:00
0
Plays Today
Value
Team
% Correct
$584 Mil
Los Angeles Lakers
98%
$613 Mil
New York Knicks
96%
$504 Mil
Chicago Bulls
78.9%
$480 Mil
Detroit Pistons
51.8%
$447 Mil
Boston Celtics
42.5%
$466 Mil
Dallas Mavericks
42.1%
$477 Mil
Cleveland Cavaliers
39.3%
$415 Mil
San Antonio Spurs
37.2%
$469 Mil
Houston Rockets
36.4%
$452 Mil
Phoenix Suns
35.6%
$393 Mil
Miami Heat
35.6%
$284 Mil
Charlotte Bobcats
32.8%
$278 Mil
Milwaukee Bucks
32.8%
$360 Mil
Philadelphia 76ers
31.2%
$349 Mil
Orlando Magic
31.2%
Value
Team
% Correct
$358 Mil
Utah Jazz
30%
$295 Mil
New Jersey Nets
30%
$400 Mil
Toronto Raptors
29.6%
$300 Mil
Oklahoma City Thunder
28.3%
$353 Mil
Washington Wizards
27.9%
$335 Mil
Golden State Warriors
27.5%
$329 Mil
Denver Nuggets
27.5%
$297 Mil
Los Angeles Clippers
27.1%
$285 Mil
New Orleans Hornets
26.7%
$350 Mil
Sacramento Kings
26.3%
$306 Mil
Atlanta Hawks
26.3%
$294 Mil
Memphis Grizzlies
26.3%
$301 Mil
Minnesota Timberwolves
25.1%
$303 Mil
Indiana Pacers
24.3%
$307 Mil
Portland Trail Blazers
21.1%
Quiz Playlist
Details
Report
Send in Message
Add To Playlist
More Info:
Value of team based on current arena deal (unless new arena is pending) without deduction for debt (other than arena debt).
Classic:
Type in answers that appear in a list
Forced Order:
Answers have to be entered in order
Quiz Source
Last Updated: Feb 16, 2017
Quiz Scoreboard
CHALLENGE
Sign Up to Join the Scoreboard
Show All
Scores
Hide
Comments
May contain spoilers
Recently Published
NBA Finals Game Top Scorers (2010s)
by flibbidy
Sports
5m
Guess the 'R' Things in 3 Words
by MSUKent
Miscellaneous
3m
Actor to Badly Drawn Movie III
by MoMosMoProblems
Movies
5m
More to Explore
Quiz From the Vault
Featured Blog Post
Where Does Lost Luggage Go?
hide this ad
You Might Also Like...
Tags
Basketball Quiz
NBA Quiz
2010
force
Most Valuable
team
Valuable
Today's Top Quizzes in Sports
Browse Sports
hide this ad
Today's Top Quizzes in NBA
Browse NBA
Top Contributed Quizzes in Sports
1
Les joueurs à 100 buts en Ligue 1 Uber Eats
2
2022 World Cup Stars
3
2024 March Madness Bracket
4
Millionaire: NBA Finals Edition
5
Players with Multiple 50 Home Run Seasons
6
Nickname Match: Athletes VI
7
Criteria MLB: Left Handed Sluggers
8
Iconic Moments in Football - Multiple Choice
9
NFL MVPs ordered
10
First NBA MVP by Team
Explore More
Trending Topics
Anime
Harry Potter
Marvel
Crossword
NBA
Disney
Kpop
NFL
Country
Puzzle
The Office
Soccer
Song
WWE
Pokémon
hide this ad
More By:
hossman
Quiz
Plays
Rating
Category
Featured
Created
Most Valuable NBA Teams
247
1.00
Sports
Jun 16, 2010
Go to Creator's Profile
Score Distribution
Quiz Creator Spotlight
hossman
Follow
Send a Message
Quizzes Created
-
Created Quiz Play Count
-
More By This Creator
Popular Quizzes Today
1
Find the US States - No Outlines Minefield
2
Find the US States
3
The Countries of the World
4
10 Largest US States in Order
5
Find the Countries of Europe - No Outlines Minefield
6
US States
7
Guess the 'R' Things in 3 Words
8
NBA Finals Game Top Scorers (2010s)
More Sports Quizzes
Mis-Matched MLB Team Names
Published
Trending Quizzes
First Name TV: Leading Men
Match the Book to the Film II
3-Word Movies in 1 Word II
First Name TV: Leading Women Drama
Match the Book to the Film VI
Recently Updated
Women's Final Four Teams by Year
bhenderson79
Presidents Quartet II
eogle
Anything But Clue(do)
eogle
Anything But Oceanian Capitals
eogle
Anything But 7
eogle
Anything But Thing
eogle
Word Ladder: February 29
pecheneg
Song Title Questions
pecheneg
Women's NCAA Tournament #1 Seeds
pecheneg
Celebrity Mug Shots
pecheneg
Trending Topics
Harry Potter
Marvel
Anime
Crossword
Kpop
Disney
NBA
Pokémon
Song
Puzzle
Soccer
NFL
The Office
WWE
Country
Your Account Isn't Verified!
In order to create a playlist on Sporcle, you need to verify the email address you used during registration. Go to your
Sporcle Settings
to finish the process.
Report this User
Report this user for behavior that violates our
Community Guidelines
.
Details:
Send Report
Go to the Sporcle.com Mobile Site →
Comments